ՀՀ Գիտությունների ազգային ակադեմիայի հիմնարար գիտական գրադարան  =   Fundamental Scientific Library of NAS RA

საქართველო : (Record no. 527821)

MARC details
000 -LEADER
fixed length control field 00851nam a22002177a 4500
001 - CONTROL NUMBER
control field 1900495
003 - CONTROL NUMBER IDENTIFIER
control field AM-YEHGA
005 - DATE AND TIME OF LATEST TRANSACTION
control field 20250617164659.0
008 - FIXED-LENGTH DATA ELEMENTS--GENERAL INFORMATION
fixed length control field 230502s2013 gs a|||gr|||||||||0|geo|d
020 ## - INTERNATIONAL STANDARD BOOK NUMBER
International Standard Book Number 9789941059728
040 ## - CATALOGING SOURCE
Original cataloging agency AM-YeHGA
041 0# - LANGUAGE CODE
Language code of text/sound track or separate title geo
090 ## - LOCALLY ASSIGNED LC-TYPE CALL NUMBER (OCLC); LOCAL CALL NUMBER (RLIN)
-- 565959
100 1# - MAIN ENTRY--PERSONAL NAME
Personal name ჯონსი, სტივენ
245 10 - TITLE STATEMENT
Title საქართველო :
Remainder of title პოლიტიკური ისტორია დამოუკიდებლობის გამოცხადების შემდეგ /
Statement of responsibility, etc. სტივენ ჯონსი.
260 ## - PUBLICATION, DISTRIBUTION, ETC.
Place of publication, distribution, etc. თბილისი :
Name of publisher, distributor, etc. სოციალურ მეცნიერებათა ცენტრი,
Date of publication, distribution, etc. 2013.
300 ## - PHYSICAL DESCRIPTION
Extent XXII, 456 p. :
Other physical details ill.
650 14 - SUBJECT ADDED ENTRY--TOPICAL TERM
Topical term or geographic name entry element Political history
Geographic subdivision Georgia
650 14 - SUBJECT ADDED ENTRY--TOPICAL TERM
Topical term or geographic name entry element Political science
Geographic subdivision Georgia
942 ## - ADDED ENTRY ELEMENTS (KOHA)
Source of classification or shelving scheme Universal Decimal Classification
Koha item type Գրքեր / Books
Holdings
Withdrawn status Lost status Source of classification or shelving scheme Damaged status Not for loan Collection Home library Current library Date acquired Cost, normal purchase price Total checkouts Full call number Barcode Date last seen Price effective from Koha item type Public note
    Universal Decimal Classification     General Fundamental Scientific Library Fundamental Scientific Library 02/05/2023 2000.00   И II/117771 FL0671795 02/05/2023 02/05/2023 Գրքեր / Books 30 Days Loan


ՀՀ ԳԱԱ հիմնարար գիտական գրադարան
ՀՀ,Երևան 0019
Մարշալ Բաղրամյան 24/6
հեռախոս:(374-10) 52-47-50
Հետադարձ կապ

All site content, except where otherwise noted, is licensed under a
Creative Commons License